|
|
|
|
| LEADER |
00000nkm a2200000 a 4500 |
| 001 |
vtls011766934 |
| 003 |
SK-MaSNL |
| 005 |
20260331211640.0 |
| 007 |
kf co |
| 008 |
230718s1978 xo g 00 kuslo |
| 015 |
|
|
|a SNBG1978
|
| 035 |
|
|
|a urn:nbn:sk:snk-km00dn9j
|
| 035 |
|
|
|a urn:nbn:sk:snk-km3lzzu
|
| 035 |
|
|
|a E8E12DB0-75C2-432C-9FE8-D72C81F76050
|
| 040 |
|
|
|a SNK
|b slo
|c SNK
|e AACR2
|
| 041 |
0 |
|
|a slo
|
| 043 |
|
|
|a e-xo---
|
| 044 |
|
|
|a xo
|c SK
|
| 072 |
|
7 |
|a 913
|x Regionálna geografia
|2 konspekt
|
| 080 |
|
|
|a 725.963:624.97
|2 2011
|
| 080 |
|
|
|a 725.945
|2 2011
|
| 080 |
|
|
|a 913(437.6)
|2 2011
|
| 080 |
|
|
|a (084.121)
|2 2011
|
| 100 |
1 |
|
|a Ondrejkovič, Ivan,
|d 1935-1998
|4 pht
|9 7599
|
| 245 |
1 |
0 |
|a Trnava
|h grafika
|b Mestská veža : učňovská škola : dom nábytku : pamätník SNP
|c foto I. Ondrejkovič, E. Jurisa
|
| 260 |
|
|
|a Bratislava
|b PRESS-ČSTK-FOTO
|c 1978
|e Skalica
|f Grafobal
|
| 300 |
|
|
|a 1 pohľadnica (4 čiastkové pohľady)
|b farebná
|c 11 x 15 cm
|
| 500 |
|
|
|a Názov z obrazovej časti pohľadnice
|
| 520 |
8 |
|
|a Zobrazenie: pohľady na turistické zaujímavosti Trnavy ; pohľadnica žlto a modro orámovaná, uprostred v žltom poli nápis Trnava
|
| 650 |
0 |
7 |
|a mestské veže
|2 SNKPH
|9 173826
|
| 650 |
0 |
7 |
|a pamätníky
|2 SNKPH
|9 25601
|
| 651 |
|
7 |
|a Trnava (Slovensko)
|2 SNKPHgeo
|9 19407
|
| 655 |
|
7 |
|a miestne pohľadnice
|2 SNKPH
|9 70510
|
| 700 |
1 |
|
|a Jurisa, Eugen,
|d 1908-1994
|4 pht
|9 7598
|
| 852 |
|
|
|a Slovenská národná knižnica
|
| 954 |
|
|
|a pohľadnice pôvodné (slovenské)
|2 lita
|
| 958 |
|
|
|a GBN
|
| 958 |
|
|
|a GC
|
| 958 |
|
|
|a OND
|
| 958 |
|
|
|a EUIPO
|
| 999 |
|
|
|c 598421
|d 600351
|
| 952 |
|
|
|a SNK
|b SNK
|y PREZ
|7 0
|p 17A1333729
|o snkSP 102139
|0 0
|1 0
|4 0
|d 2018-07-16
|f 1
|l 0
|r 2026-02-23 15:46:21
|w 2026-02-23
|
| 952 |
|
|
|a SNK
|b SNK
|y PREZ
|7 0
|p 17A1333730
|o snkSP 102139 D1
|0 0
|1 0
|4 0
|d 2018-07-16
|l 0
|r 2026-02-23 15:46:21
|w 2026-02-23
|